| 000 | 01280nam a2200277Ia 4500 | ||
|---|---|---|---|
| 999 |
_c53436 _d53436 |
||
| 001 | 20479 | ||
| 003 | GE_BSU | ||
| 005 | 20210102235908.0 | ||
| 008 | 181216s1991||||ge |||||||||||||| || || | ||
| 040 | _cGE_BSU | ||
| 041 | _ageo | ||
| 080 | _a811.353.1-8(075.3) რ-21 | ||
| 100 |
_aრამიშვილი, ვალერიან _91173 |
||
| 245 |
_aქართული ენა : გრამატიკა, მართლწერა და მეტყველების განვითარება : _bმე-3 კლასის სახელმძღვანელო / _cვალერიან რამიშვილი ; რედ. ნ. ნოდია. |
||
| 250 | _aმე-7 გამოცემა | ||
| 264 |
_aთბილისი : _bგანათლება, _c1991. |
||
| 300 |
_a100 გვ. ; _c20 სმ. |
||
| 541 | _h2 ლ. | ||
| 653 | _aმე-3 კლასის სახელმძღვანელო | ||
| 653 | _aქართული ენა | ||
| 653 | _aგრამატიკა | ||
| 653 | _aმართლწერა | ||
| 653 | _aმეტყველების განვითარება | ||
| 700 |
_aნოდია, ნ. _eრედაქტორი _99840 |
||
| 942 |
_cBK _2udc |
||